00738cam a2200229 a 4500999001500000001000600015003000900021005001700030008004100047040002800088082001900116100002700135245005800162250001800220260004100238300002500279500002000304650001700324650003800341942001200379952011700391 c7779d777910624BD-DhUAP20210201125750.0200203s2006 ii b 001 0 eng  aDLCcDLCdBD-DhUAPbEng 223a340.59 JHA aJhabvala, Noshirvan H.14aPrinciples of Muhammadan law /cNoshirvan H. Jhabvala a23rd rev. ed. aMumbai :bC. Jamnadas & Co.,cc2002. a172 pages ;c25 cm. aIncludes index. 0aIslamic law. 0aDomestic relations (Islamic law). 2ddccBK 00102ddc4070aUAPCLbUAPCLcReserve Stacksd2021-02-01o340.59 JHAp3010008356r2021-02-01t1w2021-02-01yBK